| 000 -LEADER | |
|---|---|
| fixed length control field | 00387nam a22001577a 4500 |
| 020 ## - INTERNATIONAL STANDARD BOOK NUMBER | |
| ISBN | 0198263880 |
| 050 ## - LIBRARY OF CONGRESS CALL NUMBER | |
| Classification number | BS 2397 cai |
| 100 ## - MAIN ENTRY--AUTHOR NAME | |
| Personal name | CAIRD, G. B. |
| 245 ## - TITLE STATEMENT | |
| Title | New Testament theology |
| 260 ## - PUBLICATION, DISTRIBUTION, ETC. (IMPRINT) | |
| Place of publication | Oxford |
| Name of publisher | Clarendon Press |
| Year of publication | 1994 |
| 300 ## - PHYSICAL DESCRIPTION | |
| Number of Pages | xix, 498p. : references : index |
| 650 ## - SUBJECT ADDED ENTRY--TOPICAL TERM | |
| Topical Term | Bible |
| 700 ## - ADDED ENTRY--PERSONAL NAME | |
| Personal name | HURST L. D. |
| 942 ## - ADDED ENTRY ELEMENTS (KOHA) | |
| Koha item type | Books |
| 988 ## - PAGINATION/EXTENT | |
| PAGINATION/EXTENT | xix, 498p. : references : index |
| Koha item type | Collection code | Shelving location | Accession Number | Permanent Location | Current Location | Date acquired | Full call number |
|---|---|---|---|---|---|---|---|
| Books | Reference | Reference | 4575 | Chapman Library | Chapman Library | 2017-02-25 | BS 2397 cai |

